[Event "Moscow op (Women) 17th"]
[Site "Moscow"]
[Date "2021.02.23"]
[Round "4"]
[White "Miroshnik, Ekaterina"]
[Black "Shestakova, Ekaterina"]
[Result "1/2-1/2"]
[WhiteElo "2118"]
[BlackElo "1959"]
[PlyCount "94"]
[EventDate "2021.02.20"]
[EventType "swiss"]
[EventRounds "9"]
[EventCountry "RUS"]
[SourceTitle "CBM 200 Extra"]
[Source "ChessBase"]
[SourceDate "2021.03.31"]
[SourceVersion "1"]
[SourceVersionDate "2021.03.31"]
[SourceQuality "1"]

1. Nf3 g6 2. e4 Bg7 3. d4 d5 4. exd5 Qxd5 5. Be2 Nf6 6. 0-0 0-0 7. c4 Qd8 8. Nc3 Bf5 9. Bf4 e6 10. h3 Ne4 11. Qb3 Nxc3 12. bxc3 b6 13. Ne5 Be4 14. Rfe1 f6 15. Nf3 g5 16. Bc1 c5 17. a4 Nc6 18. Be3 Na5 19. Qa3 cxd4 20. cxd4 Rc8 21. Rac1 Qd6 22. c5 Qd7 23. Bd2 Bd5 24. Bxa5 bxa5 25. Bb5 Qd8 26. Qd3 h6 27. Nd2 f5 28. Nc4 f4 29. Qd2 g4 30. hxg4 Qh4 31. f3 Qg3 32. Ne5 h5 33. Bc4 hxg4 34. Bxd5 exd5 35. Nxg4 Rb8 36. c6 Rb4 37. Ne5 Rc8 38. Red1 Rc7 39. Qa2 Kh8 40. Rd2 Bxe5 41. dxe5 Rxc6 42. Qa1 Rxa4 43. Qb1 Rb4 44. Rb2 Rxc1+ 45. Qxc1 Rxb2 46. Qxb2 Qe1+ 47. Kh2 Qh4+ 1/2-1/2

[Event "Moscow op (Women) 17th"]
[Site "Moscow"]
[Date "2021.02.21"]
[Round "2"]
[White "Shestakova, Ekaterina"]
[Black "Zherebtsova, Alexandra"]
[Result "1-0"]
[WhiteElo "1959"]
[BlackElo "2225"]
[PlyCount "93"]
[EventDate "2021.02.20"]
[EventType "swiss"]
[EventRounds "9"]
[EventCountry "RUS"]
[SourceTitle "CBM 200 Extra"]
[Source "ChessBase"]
[SourceDate "2021.03.31"]
[SourceVersion "1"]
[SourceVersionDate "2021.03.31"]
[SourceQuality "1"]

1. e4 e5 2. Nf3 Nc6 3. d4 exd4 4. Nxd4 Bb4+ 5. Nc3 Nf6 6. Nxc6 bxc6 7. Bd3 d5 8. exd5 cxd5 9. 0-0 0-0 10. Bg5 c6 11. Qf3 Be7 12. h3 h6 13. Bf4 Re8 14. Rfe1 Be6 15. Ne2 Qb6 16. b3 c5 17. Ng3 c4 18. Bf5 Rac8 19. bxc4 Rxc4 20. Bd3 Rcc8 21. Nf5 Bf8 22. Be3 Qc7 23. Bd4 Ne4 24. Nxh6+ gxh6 25. Bxe4 Bg7 26. Bxg7 Kxg7 27. Bd3 Rg8 28. Qh5 Qf4 29. Rab1 Rc7 30. Re3 Kh8 31. Rb4 Qg5 32. Qxg5 hxg5 33. Re5 a5 34. Rb5 Ra7 35. Kf1 g4 36. Rh5+ Kg7 37. hxg4 Kf6 38. f3 Rc8 39. g5+ Kg7 40. Rh7+ Kg8 41. g6 Rca8 42. Rb6 a4 43. a3 Ra5 44. gxf7+ Bxf7 45. Rb7 Be6 46. Rbe7 Bc8 47. Re8# 1-0

[Event "RUS-chT (Women)"]
[Site "Sochi"]
[Date "2020.11.25"]
[Round "6.3"]
[White "Belenkaya, Dina"]
[Black "Shestakova, Ekaterina"]
[Result "1-0"]
[WhiteElo "2283"]
[BlackElo "1966"]
[PlyCount "109"]
[EventDate "2020.11.19"]
[EventType "team-swiss"]
[EventRounds "9"]
[EventCountry "RUS"]
[SourceTitle "CBM 199 Extra"]
[Source "ChessBase"]
[SourceDate "2021.01.31"]
[SourceVersion "1"]
[SourceVersionDate "2021.01.31"]
[SourceQuality "1"]
[WhiteTeam "St Petersburg SHSH (W)"]
[BlackTeam "Voronezh Turbonasos (W)"]
[WhiteTeamCountry "RUS"]
[BlackTeamCountry "RUS"]

1. e4 c5 2. Nc3 Nc6 3. g3 g6 4. Bg2 Bg7 5. d3 d6 6. Nf3 Rb8 7. 0-0 b5 8. Re1 e6 9. Bg5 Nge7 10. Qd2 h6 11. Be3 b4 12. Ne2 Bxb2 13. Rab1 Bg7 14. d4 cxd4 15. Nfxd4 a5 16. Nxc6 Nxc6 17. Red1 Bb7 18. c3 Qe7 19. cxb4 axb4 20. Nd4 0-0 21. Nxc6 Bxc6 22. Rxb4 Rxb4 23. Qxb4 Ra8 24. Qb6 Qd7 25. Rc1 Rc8 26. Qa6 Qb7 27. Bf1 d5 28. Bb5 Rb8 29. Qxb7 Bxb7 30. exd5 exd5 31. a4 d4 32. Bd2 Bf3 33. Kf1 g5 34. Rc7 Be5 35. Re7 Bf6 36. Rc7 Be5 37. Rc5 Bg7 38. Ke1 Bf8 39. Rc4 Bg7 40. Ba5 Bd5 41. Rc7 Bb3 42. Rd7 Ra8 43. Rd8+ Rxd8 44. Bxd8 Bd5 45. a5 Be5 46. a6 f6 47. Kd2 Be4 48. Bd7 Kf7 49. Bc8 Bb8 50. Bb6 d3 51. Ke3 f5 52. a7 Be5 53. Bxf5 d2 54. Kxd2 Bb7 55. Ke3 1-0

[Event "RUS-chT blitz (Women)"]
[Site "Sochi"]
[Date "2018.10.10"]
[Round "9.2"]
[White "Drozdova, Dina"]
[Black "Shestakova, Ekaterina"]
[Result "1-0"]
[WhiteElo "2183"]
[BlackElo "1886"]
[PlyCount "67"]
[EventDate "2018.10.10"]
[EventType "team-swiss (blitz)"]
[EventRounds "13"]
[EventCountry "RUS"]
[SourceTitle "CBM 186 Extra"]
[Source "ChessBase"]
[SourceDate "2018.08.24"]
[SourceVersion "1"]
[SourceVersionDate "2018.08.24"]
[SourceQuality "1"]
[WhiteTeam "Karpov Chess School (W)"]
[BlackTeam "Voronezh SDYuSShOR (W)"]
[WhiteTeamCountry "RUS"]
[BlackTeamCountry "RUS"]

1. d4 d5 2. c4 c6 3. cxd5 cxd5 4. Nc3 Nc6 5. Nf3 Bg4 6. e3 e6 7. Be2 Bxf3 8. Bxf3 Bd6 9. g3 Nf6 10. Bd2 0-0 11. 0-0 a6 12. Rc1 b5 13. Nxd5 exd5 14. Rxc6 Qd7 15. Qc2 h5 16. h4 Rfe8 17. Rc1 Qe7 18. Kg2 Qd7 19. a4 b4 20. Qd3 a5 21. b3 Rec8 22. Rxc8+ Rxc8 23. Rxc8+ Qxc8 24. Qb1 Qc7 25. Qc1 Qxc1 26. Bxc1 Kf8 27. Kf1 Ke7 28. Ke2 g6 29. Kd3 Nd7 30. Bxd5 Nb6 31. Bc4 f6 32. e4 g5 33. hxg5 fxg5 34. Bxg5+ 1-0

[Event "RUS-chT rapid (Women)"]
[Site "Sochi"]
[Date "2018.10.09"]
[Round "9.1"]
[White "Kovanova, Baira"]
[Black "Shestakova, Ekaterina"]
[Result "1-0"]
[WhiteElo "2350"]
[BlackElo "1886"]
[PlyCount "53"]
[EventDate "2018.10.08"]
[EventType "team-tourn (rapid)"]
[EventRounds "9"]
[EventCountry "RUS"]
[SourceTitle "CBM 186 Extra"]
[Source "ChessBase"]
[SourceDate "2018.08.24"]
[SourceVersion "1"]
[SourceVersionDate "2018.08.24"]
[SourceQuality "1"]
[WhiteTeam "Yugra (W)"]
[BlackTeam "Voronezh SDYuSShOR (W)"]
[WhiteTeamCountry "RUS"]
[BlackTeamCountry "RUS"]

1. Nf3 d5 2. g3 g6 3. Bg2 Bg7 4. 0-0 e5 5. d3 Ne7 6. Nbd2 0-0 7. e4 d4 8. Nc4 Nbc6 9. a4 Be6 10. b3 h6 11. Ba3 Re8 12. Nh4 Qd7 13. f4 Bxc4 14. bxc4 f6 15. Bf3 exf4 16. gxf4 f5 17. Kh1 Bf6 18. Qe1 fxe4 19. Bxe4 Qg4 20. Nxg6 Nxg6 21. Rg1 Qxf4 22. Rxg6+ Kf7 23. Qg1 Rxe4 24. Rf1 Re1 25. Rxf6+ Qxf6 26. Rxf6+ Kxf6 27. Qxe1 1-0

[Event "EU School-ch U13 Girls"]
[Site "Budva"]
[Date "2017.06.16"]
[Round "6"]
[White "Abrisqueta Zudaire, Leyre"]
[Black "Shestakova, Ekaterina"]
[Result "1-0"]
[WhiteElo "1605"]
[BlackElo "1869"]
[PlyCount "32"]
[EventDate "2017.06.11"]
[EventType "swiss"]
[EventRounds "9"]
[EventCountry "MNE"]
[SourceTitle "EXT 2024"]
[Source "ChessBase"]
[SourceDate "2023.10.10"]
[SourceVersion "1"]
[SourceVersionDate "2023.10.10"]
[SourceQuality "1"]

1. d4 d5 2. Nf3 Nf6 3. e3 e6 4. Bd3 Nbd7 5. Nbd2 c5 6. c3 Bd6 7. 0-0 0-0 8. Qe2 c4 9. Bc2 b5 10. e4 dxe4 11. Nxe4 Be7 12. a4 Ba6 13. axb5 Bxb5 14. Bf4 Nd5 15. Bg3 Qb6 16. Ne5 Nxe5 1-0

[Event "Wch U12 Girls"]
[Site "Batumi"]
[Date "2016.10.23"]
[Round "5"]
[White "Mkrtchyan, Mariam"]
[Black "Shestakova, Ekaterina"]
[Result "1-0"]
[WhiteElo "1785"]
[BlackElo "1659"]
[PlyCount "55"]
[EventDate "2016.10.19"]
[EventType "swiss"]
[EventRounds "11"]
[EventCountry "GEO"]
[SourceTitle "EXT 2018"]
[Source "ChessBase"]
[SourceDate "2017.10.13"]
[SourceVersion "1"]
[SourceVersionDate "2017.10.13"]
[SourceQuality "1"]

1. d4 d5 2. Nf3 Nf6 3. c4 c6 4. Nbd2 e6 5. g3 g6 6. Bg2 Bg7 7. 0-0 0-0 8. Qc2 Nbd7 9. Rd1 a6 10. e4 dxe4 11. Nxe4 Nxe4 12. Qxe4 Nf6 13. Qe2 Bd7 14. Ne5 Qc8 15. b3 Rd8 16. Ba3 Qc7 17. Rac1 Nh5 18. f4 f6 19. Nxd7 Qxd7 20. Bf3 Qf7 21. Bb2 Rd7 22. Re1 Re8 23. d5 cxd5 24. cxd5 Rde7 25. Ba3 exd5 26. Qxe7 Rxe7 27. Rxe7 Qf8 28. Rce1 1-0

[Event "Wch U12 Girls"]
[Site "Batumi"]
[Date "2016.10.19"]
[Round "1"]
[White "Almog, Shani"]
[Black "Shestakova, Ekaterina"]
[Result "0-1"]
[WhiteElo "1202"]
[BlackElo "1659"]
[PlyCount "86"]
[EventDate "2016.10.19"]
[EventType "swiss"]
[EventRounds "11"]
[EventCountry "GEO"]
[SourceTitle "EXT 2018"]
[Source "ChessBase"]
[SourceDate "2017.10.13"]
[SourceVersion "1"]
[SourceVersionDate "2017.10.13"]
[SourceQuality "1"]

1. d4 d5 2. c4 c6 3. Nc3 Nf6 4. Nf3 e6 5. Bg5 h6 6. Bh4 Be7 7. e3 Nbd7 8. Qc2 0-0 9. Bd3 dxc4 10. Bxc4 b5 11. Bd3 a6 12. 0-0 Bb7 13. Rfe1 c5 14. Ne5 Rc8 15. Rad1 cxd4 16. exd4 b4 17. Qb3 Nd5 18. Bxe7 Qxe7 19. Nxd5 Bxd5 20. Ng6 Qd6 21. Ne7+ Qxe7 22. Qxd5 Nf6 23. Qf3 Qd6 24. h3 Rfd8 25. Rd2 a5 26. Red1 Qd5 27. Qxd5 Nxd5 28. Kf1 Kf8 29. Rc2 Rxc2 30. Bxc2 Rc8 31. Bb3 Nb6 32. Rd3 a4 33. Bd1 Nc4 34. b3 Nb2 35. Rd2 Nxd1 36. Rxd1 Rc2 37. d5 exd5 38. Rxd5 Rxa2 39. bxa4 b3 40. Rb5 b2 41. Rb8+ Ke7 42. Rb7+ Kd6 43. Rb6+ Kc7 0-1

[Event "Voronezh op-B 20th"]
[Site "Voronezh"]
[Date "2016.06.20"]
[Round "8"]
[White "Shestakova, Ekaterina"]
[Black "Stepanenko, Kirill"]
[Result "1/2-1/2"]
[WhiteElo "1740"]
[BlackElo "1674"]
[PlyCount "124"]
[EventDate "2016.06.12"]
[EventType "swiss"]
[EventRounds "9"]
[EventCountry "RUS"]
[SourceTitle "EXT 2017"]
[Source "ChessBase"]
[SourceDate "2016.10.25"]
[SourceVersion "1"]
[SourceVersionDate "2016.10.25"]
[SourceQuality "1"]

1. e4 c5 2. c3 d5 3. exd5 Qxd5 4. d4 e6 5. Nf3 Nf6 6. Be3 cxd4 7. Nxd4 a6 8. Nd2 Nc6 9. N2f3 Be7 10. Be2 Nxd4 11. Bxd4 0-0 12. 0-0 Qd6 13. Qb3 b5 14. Rfd1 Qc7 15. Be5 Qb6 16. Nd4 Bb7 17. a4 b4 18. Bxf6 gxf6 19. a5 Qc5 20. Nxe6 fxe6 21. Qxe6+ Rf7 22. cxb4 Qc6 23. Qxc6 Bxc6 24. Bc4 Bxb4 25. Bxf7+ Kxf7 26. Rd4 Be7 27. Rc1 Bb5 28. Rc7 f5 29. Rh4 Rh8 30. Rh6 f4 31. h4 Bd3 32. Kh2 Rb8 33. Rb6 Rg8 34. Rbb7 Re8 35. Rd7 Bb5 36. Rd4 Ke6 37. Re4+ Kd6 38. Rxf4 Kd5 39. Rf5+ Kc4 40. Rh5 Kb3 41. Rhxb5+ axb5 42. Rxb5+ Ka4 43. Rh5 Bd6+ 44. g3 Re7 45. a6 Bb4 46. b3+ Kxb3 47. Rb5 Re2 48. Kg2 Ra2 49. Rh5 Be1 50. Rf5 Rxa6 51. Kh3 Kc4 52. f3 Kd4 53. Rf4+ Kd5 54. Rf5+ Kd4 55. Rh5 h6 56. Rf5 Rg6 57. g4 Bd2 58. h5 Rb6 59. Kh4 Rb3 60. Rf7 Bg5+ 61. Kg3 Ke3 62. Rf8 Ra3 1/2-1/2

[Event "Voronezh op-B 19th"]
[Site "Voronezh"]
[Date "2015.06.21"]
[Round "9"]
[White "Shestakova, Ekaterina"]
[Black "Gerasko, Viacheslav"]
[Result "1-0"]
[WhiteElo "1576"]
[BlackElo "1919"]
[PlyCount "71"]
[EventDate "2015.06.12"]
[EventType "swiss"]
[EventRounds "9"]
[EventCountry "RUS"]
[SourceTitle "CBM 167 Extra"]
[Source "ChessBase"]
[SourceDate "2015.09.14"]
[SourceVersion "1"]
[SourceVersionDate "2015.09.14"]
[SourceQuality "1"]

1. e4 c5 2. c3 g6 3. d4 cxd4 4. cxd4 Bg7 5. Nf3 Nf6 6. Nc3 d6 7. Bb5+ Bd7 8. Bxd7+ Nbxd7 9. 0-0 0-0 10. Be3 Ng4 11. Qd2 Nb6 12. b3 Nxe3 13. Qxe3 Rc8 14. Rac1 Qd7 15. Rfd1 Qg4 16. h3 Qh5 17. Qd3 Bh6 18. Rc2 f5 19. exf5 gxf5 20. Re2 Rf7 21. Rde1 Kf8 22. Re6 Rg7 23. Kf1 Rc6 24. d5 Rc5 25. b4 Rc4 26. Nd4 Rf7 27. Nc2 Bg7 28. Nb5 a6 29. Nxd6 Rc3 30. Qd2 Nc4 31. Nxc4 Rxc4 32. d6 Bc3 33. dxe7+ Kg7 34. Qd3 Bxe1 35. e8Q Rc6 36. Qd4+ 1-0